Self-Aaaenibled Coatings Of Stimul Responsive Switchable Polymeric Materials (Record no. 561134)
[ view plain ]
| 000 -LEADER | |
|---|---|
| fixed length control field | 00384nam a2200133Ia 4500 |
| 005 - DATE AND TIME OF LATEST TRANSACTION | |
| control field | 20210429153916.0 |
| 008 - FIXED-LENGTH DATA ELEMENTS--GENERAL INFORMATION | |
| fixed length control field | 210429s9999 xx 000 0 und d |
| 082 ## - DEWEY DECIMAL CLASSIFICATION NUMBER | |
| Classification number | MTL-MS AL/NM |
| 100 ## - MAIN ENTRY--PERSONAL NAME | |
| Personal name | Syed Junaid Ali |
| 9 (RLIN) | 54747 |
| 245 ## - TITLE STATEMENT | |
| Title | Self-Aaaenibled Coatings Of Stimul Responsive Switchable Polymeric Materials |
| 260 ## - PUBLICATION, DISTRIBUTION, ETC. | |
| Place of publication, distribution, etc. | ISLAMABAD |
| Name of publisher, distributor, etc. | SCME |
| Date of publication, distribution, etc. | 2009 |
| 300 ## - PHYSICAL DESCRIPTION | |
| Extent | 136P |
| 942 ## - ADDED ENTRY ELEMENTS (KOHA) | |
| Source of classification or shelving scheme | |
| Koha item type | Reference |
| Withdrawn status | Lost status | Damaged status | Not for loan | Permanent Location | Current Location | Date acquired | Total Checkouts | Full call number | Barcode | Date last seen | Price effective from | Koha item type |
|---|---|---|---|---|---|---|---|---|---|---|---|---|
| School of Chemical & Materials Engineering (SCME) | School of Chemical & Materials Engineering (SCME) | MTL-MS AL/NM | SCME-T0030 | 04/29/2021 | 04/29/2021 | Reference |
